<?xml version="1.0" encoding="UTF-8"?>
<marc:record xmlns:marc="http://www.loc.gov/MARC21/slim">
   <marc:leader>00000nam a2200000 a 4500</marc:leader>
   <marc:datafield ind1="1" ind2=" " tag="100">
      <marc:subfield code="a">Launer, Ekkehard</marc:subfield>
   </marc:datafield>
   <marc:datafield ind1=" " ind2=" " tag="653">
      <marc:subfield code="a">Entwicklungsländer</marc:subfield>
   </marc:datafield>
   <marc:datafield ind1=" " ind2=" " tag="653">
      <marc:subfield code="a">OPEC</marc:subfield>
   </marc:datafield>
   <marc:datafield ind1=" " ind2=" " tag="653">
      <marc:subfield code="a">Erdöl</marc:subfield>
   </marc:datafield>
   <marc:datafield ind1=" " ind2=" " tag="653">
      <marc:subfield code="a">Naher Osten</marc:subfield>
   </marc:datafield>
   <marc:datafield ind1="0" ind2="0" tag="245">
      <marc:subfield code="a">Zum Beispiel Erdöl</marc:subfield>
   </marc:datafield>
   <marc:datafield ind1=" " ind2="1" tag="264">
      <marc:subfield code="a">Göttingen</marc:subfield>
      <marc:subfield code="b">Lamuv-Verl.</marc:subfield>
      <marc:subfield code="c">1991</marc:subfield>
   </marc:datafield>
   <marc:datafield ind1="1" ind2=" " tag="520">
      <marc:subfield code="a">Der Kampf um das "schwarze Gold" hat die Welt verändert. Ölkonzerne waren die ersten "Multis", ihre Konzessionen in den heutigen Entwicklungsländern waren Musterbeispiele kolonialer Ausbeutung. Der Streit um die Verfügungsmacht über das Öl hat Regierungen gestürzt und Kriege ausgelöst. Ohne "Petrodollar" wäre die Verschuldung der Dritten Welt nicht so dramatisch; die Förderländer sehen ihre Öleinnahmen als Garant für "Entwicklung". Heute sind bereits 40% der nach Stand der Technik förderbaren Erdöl-Vorräte erschöpft. Drei Milliarden Tonnen werden jedes Jahr verbraucht - aber selbst den förderländern geht es heute fast durchweg schlechter als vor 20 Jahren. Und die arme Welt treffen Steigerungen des Ölpreises doppelt.</marc:subfield>
   </marc:datafield>
   <marc:datafield ind1="0" ind2=" " tag="490">
      <marc:subfield code="v">0</marc:subfield>
   </marc:datafield>
   <marc:datafield ind1=" " ind2=" " tag="300">
      <marc:subfield code="a">128 S.</marc:subfield>
   </marc:datafield>
</marc:record>
